Adult Bible studies / (Record no. 4204)
[ view plain ]
| 000 -LEADER | |
|---|---|
| fixed length control field | 01098cam a2200325 a 4500 |
| 001 - CONTROL NUMBER | |
| control field | 12690005 |
| 003 - CONTROL NUMBER IDENTIFIER | |
| control field | GBCCL |
| 005 - DATE AND TIME OF LATEST TRANSACTION | |
| control field | 20241126110513.0 |
| 008 - FIXED-LENGTH DATA ELEMENTS--GENERAL INFORMATION | |
| fixed length control field | 020301s2000 mou 000 0 eng d |
| 010 ## - | |
| -- | 2002278035 |
| 020 ## - INTERNATIONAL STANDARD BOOK NUMBER | |
| International Standard Book Number | 0570068541 |
| 035 ## - SYSTEM CONTROL NUMBER | |
| System control number | (DLC) 2002278035 |
| 035 ## - SYSTEM CONTROL NUMBER | |
| System control number | (DLC)5254 |
| 035 ## - SYSTEM CONTROL NUMBER | |
| System control number | (OCoLC)ocm45341798 |
| 040 ## - CATALOGING SOURCE | |
| Original cataloging agency | MNC |
| Transcribing agency | MNC |
| Modifying agency | DLC |
| 042 ## - | |
| -- | lccopycat |
| 050 00 - | |
| -- | BS1239 |
| -- | .D68 2000 |
| 082 00 - DEWEY DECIMAL CLASSIFICATION NUMBER | |
| Classification number | 222.00715 |
| Edition information | 22 |
| Item number | DOY |
| 100 1# - MAIN ENTRY--PERSONAL NAME | |
| Personal name | Doyle, Thomas J. |
| 9 (RLIN) | 7989 |
| 245 10 - TITLE STATEMENT | |
| Title | Adult Bible studies / |
| Statement of responsibility, etc. | by Thomas J. Doyle ; portions of the "Inform" and "Connect" sections were written by Kenneth Wagener. |
| 260 ## - PUBLICATION, DISTRIBUTION, ETC. | |
| Place of publication, distribution, etc. | St. Louis, MO : |
| Name of publisher, distributor, etc. | Concordia Pub. House, |
| Date of publication, distribution, etc. | c1999. |
| 300 ## - PHYSICAL DESCRIPTION | |
| Extent | 109 p. : |
| Dimensions | 23 cm. |
| 440 #0 - SERIES STATEMENT/ADDED ENTRY--TITLE | |
| Title | Our life in Christ ; |
| Volume/sequential designation | bk. 7 |
| 9 (RLIN) | 7990 |
| 500 ## - GENERAL NOTE | |
| General note | "13 Old Testament Bible stories"--Spine. |
| 630 00 - SUBJECT ADDED ENTRY--UNIFORM TITLE | |
| Uniform title | Bible. |
| Name of part/section of a work | Old Testament |
| General subdivision | Study and teaching. |
| 9 (RLIN) | 1364 |
| 700 1# - ADDED ENTRY--PERSONAL NAME | |
| Personal name | Wagener, Kenneth C. |
| 9 (RLIN) | 7991 |
| 906 ## - LOCAL DATA ELEMENT F, LDF (RLIN) | |
| a | 7 |
| b | cbc |
| c | copycat |
| d | 2 |
| e | ncip |
| f | 20 |
| g | y-gencatlg |
| 942 ## - ADDED ENTRY ELEMENTS (KOHA) | |
| Source of classification or shelving scheme | Dewey Decimal Classification |
| Koha item type | Books |
| Koha issues (borrowed), all copies | 1 |
| Withdrawn status | Lost status | Source of classification or shelving scheme | Damaged status | Not for loan | Home library | Current Library | Shelving location | Date acquired | Total checkouts | Full call number | Barcode | Date last seen | Copy number | Price effective from | Koha item type | Date last checked out |
|---|---|---|---|---|---|---|---|---|---|---|---|---|---|---|---|---|
| Dewey Decimal Classification | GRACE BIBLE COLLEGE | GRACE BIBLE COLLEGE | Biblical Studies | 2018-01-16 | 222.00715 DOY | 011652 | 2025-05-01 | c.1 | 2018-01-16 | Books | ||||||
| Dewey Decimal Classification | GRACE BIBLE COLLEGE | GRACE BIBLE COLLEGE | Biblical Studies | 2018-01-16 | 222.00715 DOY | 011653 | 2025-05-01 | c.2 | 2018-01-16 | Books | ||||||
| Dewey Decimal Classification | GRACE BIBLE COLLEGE | GRACE BIBLE COLLEGE | Biblical Studies | 2018-01-16 | 222.00715 DOY | 011654 | 2025-05-01 | c.3 | 2018-01-16 | Books | ||||||
| Dewey Decimal Classification | GRACE BIBLE COLLEGE | GRACE BIBLE COLLEGE | Biblical Studies | 2018-01-16 | 222.00715 DOY | 011655 | 2025-05-01 | c.4 | 2018-01-16 | Books | ||||||
| Dewey Decimal Classification | GRACE BIBLE COLLEGE | GRACE BIBLE COLLEGE | Biblical Studies | 2018-01-16 | 222.00715 DOY | 011656 | 2025-05-01 | c.5 | 2018-01-16 | Books | ||||||
| Dewey Decimal Classification | GRACE BIBLE COLLEGE | GRACE BIBLE COLLEGE | Biblical Studies | 2018-01-16 | 222.00715 DOY | 011657 | 2025-05-01 | c.6 | 2018-01-16 | Books | ||||||
| Dewey Decimal Classification | GRACE BIBLE COLLEGE | GRACE BIBLE COLLEGE | Biblical Studies | 2018-01-16 | 222.00715 DOY | 011658 | 2025-05-01 | c.7 | 2018-01-16 | Books | ||||||
| Dewey Decimal Classification | GRACE BIBLE COLLEGE | GRACE BIBLE COLLEGE | Biblical Studies | 2018-01-16 | 222.00715 DOY | 011659 | 2025-05-01 | c.8 | 2018-01-16 | Books | ||||||
| Dewey Decimal Classification | GRACE BIBLE COLLEGE | GRACE BIBLE COLLEGE | Biblical Studies | 2018-01-16 | 222.00715 DOY | 011660 | 2025-05-01 | c.9 | 2018-01-16 | Books | ||||||
| Dewey Decimal Classification | GRACE BIBLE COLLEGE | GRACE BIBLE COLLEGE | Biblical Studies | 2018-01-16 | 222.00715 DOY | 011661 | 2025-05-01 | c.10 | 2018-01-16 | Books | ||||||
| Dewey Decimal Classification | GRACE BIBLE COLLEGE | GRACE BIBLE COLLEGE | Biblical Studies | 2018-07-30 | 222.00715 DOY | 013539 | 2025-05-01 | c.11 | 2018-07-30 | Books | ||||||
| Dewey Decimal Classification | GRACE BIBLE COLLEGE | GRACE BIBLE COLLEGE | Biblical Studies | 2018-07-30 | 1 | 222.00715 DOY | 013540 | 2025-05-01 | c.12 | 2018-07-30 | Books | 2019-02-14 | ||||
| Dewey Decimal Classification | GRACE BIBLE COLLEGE | GRACE BIBLE COLLEGE | Biblical Studies | 2018-07-30 | 1 | 222.00715 DOY | 013541 | 2026-03-06 | c.13 | 2018-07-30 | Books | 2026-02-27 |